Cuba : cronología de la lucha contra el totalitarismo /

Guardado en:
Bibliografiske detaljer
Hovedforfatter: Corzo, Pedro (autor)
Andre forfattere: Ros, Enrique (prólogo) (prólogo)
Format: Bog
Sprog:spansk
Udgivet: Miami, EUA : Instituto de la Memoria Histórica Cubana contra el Totalitarismo, 2003, c2003
Fag:
Tags: Tilføj Tag
Ingen Tags, Vær først til at tagge denne postø!

MARC

LEADER 00000nam^a2200000^a^4500
001 000160999
005 20250521000000.0
009 20260310100744.779
020 |a 1-890829-24-2 
037 |a Acervo ITESO - Biblioteca 
041 |a ESP 
082 |a 320. 97291064  |b COR 
100 |a Corzo, Pedro  |e (autor) 
245 1 0 |a Cuba :  |b cronología de la lucha contra el totalitarismo /  |c P. Corzo ; pról. de E. Ros ; introd. de Amado J. Rodríguez Fernández. 
264 4 |a Miami, EUA :  |b Instituto de la Memoria Histórica Cubana contra el Totalitarismo,  |c 2003, c2003 
300 |a 491 p. 
336 |a texto  |b txt  |2 rdacontenido 
337 |a sin mediación  |b n  |2 rdamedio 
338 |a volumen  |b nc  |2 rdasoporte 
649 |a XX 
650 |a Resistencia Civil -  |z Cuba 
650 |a Represión -  |z Cuba 
650 |a Totalitarismo -  |z Cuba 
650 |a Política -  |z Cuba -  |x Historia -  |y 1959-2006 
650 |a Política -  |z Cuba -  |x Historia -  |y 1959-1990 
650 |a Política -  |z Cuba -  |x Historia -  |y 1990- 
650 |a Política -  |z Cuba -  |x Historia -  |y Siglo XX 
650 |a Cuba -  |x Condiciones Sociales y Culturales 
650 |a Cuba -  |x Condiciones Políticas 
700 |a Ros, Enrique  |e (prólogo) 
910 |a Fondo General 
920 |a Impresos - Libros 
930 |a Colección General 
905 |a 101 
901 |a 0500092425  |b IT1  |c ACC  |u 20250521 
902 |a https://opac.biblio.iteso.mx/vufind/Record/000160999